000 00251nam a22001217a 4500
008 171101b xxu||||| |||| 00| 0 eng d
041 _aeng
080 _a339
100 _a59
101 _aTRE
245 _aSHOP THEORY
_cHENRY.T
942 _2udc
_cBK
999 _c37051
_d37051